¿Ha sonado para el mundo la Hora H? (Record no. 98339)

MARC details
000 -LEADER
campo de control de longitud fija 00835nam a2200229 i 4500
001 - NÚMERO DE CONTROL
campo de control 98339
003 - IDENTIFICADOR DE NÚMERO DE CONTROL
campo de control ES-MaACL
005 - FECHA Y HORA DE LA ÚLTIMA TRANSACCIÓN
campo de control 20251207124546.0
007 - CAMPO FIJO DE DESCRIPCIÓN FÍSICA--INFORMACIÓN GENERAL
campo de control de longitud fija t|
008 - DATOS DE LONGITUD FIJA--INFORMACIÓN GENERAL
campo de control de longitud fija 050728s1956 sp f |||| | spa d
100 1# - ENTRADA PRINCIPAL--NOMBRE DE PERSONA
Nombre de persona Martín, Charles-Noël.
9 (RLIN) 77276
245 11 - MENCIÓN DEL TÍTULO
Título ¿Ha sonado para el mundo la Hora H?
Resto del título : efectos acumulativos de las explosiones nucleares /
Mención de responsabilidad, etc. Charles-Noël Martín ; precedido de un mensaje de Albert Einstein ; [traducción del francés por Miguel Masriera].
250 ## - MENCION DE EDICION
Mención de edición 1ª ed.
260 ## - PUBLICACIÓN, DISTRIBUCIÓN, ETC.
Lugar de publicación, distribución, etc. Barcelona :
Nombre del editor, distribuidor, etc. Destino,
Fecha de publicación, distribución, etc. 1956.
300 ## - DESCRIPCIÓN FÍSICA
Extensión 190 p., 10 lám. ;
Dimensiones 19 cm.
650 #4 - PUNTO DE ACCESO ADICIONAL DE MATERIA--TÉRMINO DE MATERIA
Término de materia o nombre geográfico como elemento de entrada Explosiones.
9 (RLIN) 170948
650 04 - PUNTO DE ACCESO ADICIONAL DE MATERIA--TÉRMINO DE MATERIA
Término de materia o nombre geográfico como elemento de entrada Física nuclear.
9 (RLIN) 12888
700 1# - ENTRADA AGREGADA--NOMBRE PERSONAL
Nombre de persona Einstein, Albert,
Fechas asociadas al nombre 1879-1955
9 (RLIN) 46838
700 1# - ENTRADA AGREGADA--NOMBRE PERSONAL
Nombre de persona Masriera y Rubio, Miguel.
9 (RLIN) 78778
852 ## - LOCALIZACIÓN
Ubicación ES-MaACL
Número de control de estantería C-11585
Holdings
Estatus retirado Estado de pérdida Estado de daño No para préstamo Biblioteca de origen Biblioteca actual Ubicación en estantería Fecha de adquisición Fuente de adquisición Total de préstamos Signatura topográfica completa Código de barras Visto por última vez Precio de reemplazo Tipo de ítem Koha
        Biblioteca del Ateneo de Madrid Biblioteca del Ateneo de Madrid Sala Palomar 17/01/2008     C-11585 1102659 23/02/2023 23/02/2023 Libro impreso